000 00518nam a2200193Ia 4500
003 GCL
008 140319s9999 xx 000 0 ara d
040 _aGCL /
_cGCL
082 0 4 _a813.03
_bب ل
100 1 _aروفايل، بيار
245 1 0 _aلن يعود /
_cروفايل، بيار
250 _aالخامسة
260 _aبيروت :
_bدار الجيل ،
_c1992
300 _a316 ص ؛
_c19 سم
490 _a
650 0 4 _aالقصص العربية
650 0 4 _aلبنان
942 _2ddc
_cBK
999 _c56116
_d56116